<?xml version="1.0" encoding="UTF-8"?>
<collection xmlns="http://www.loc.gov/MARC21/slim">
 <record>
  <leader>     na                 </leader>
  <controlfield tag="001">INLIS000000000003001</controlfield>
  <controlfield tag="005">20260410014905</controlfield>
  <controlfield tag="035">$a 0010-0426000092</controlfield>
  <controlfield tag="245">$a Mahmud Punya Cerita /$c Solichatun Desi Manfaati</controlfield>
  <controlfield tag="100">$a Solichatun Desi Manfaati</controlfield>
  <controlfield tag="300">$a 126 hlm : $b ilus ; $c 14.5 x 20.5 cm</controlfield>
  <controlfield tag="260">$a Surabaya :$b Pustaka Media Guru,$c 2018</controlfield>
  <controlfield tag="082">$a 899.221</controlfield>
  <controlfield tag="084">$a 899.221 SOL m</controlfield>
  <controlfield tag="020">$a 978-602-482-583-6</controlfield>
  <controlfield tag="990">$a 489/2022</controlfield>
 </record>
</collection>
